[Event "First Lady's Cup"]
[Site "Jakarta INA"]
[Date "1983.11.13"]
[Round "1"]
[White "Kovacevic, Vladimir"]
[Black "Henley, Ronald Watson"]
[Result "1/2-1/2"]
[WhiteElo "2540"]
[BlackElo "2525"]
[EventDate "1983.11.13"]
[PlyCount "49"]

1.d4 Nf6 2.Nf3 e6 3.Bf4 c5 4.e3 Qb6 5.Qc1 Nh5 6.Bg5 h6 7.Bh4 g5 8.Bg3 Nxg3
9.hxg3 cxd4 10.Nxd4 Bg7 11.c3 Nc6 12.Nd2 d5 13.Bd3 Bd7 14.Qc2 a6 15.a4 Rc8
16.Qb3 Qxb3 17.N4xb3 Ne5 18.Be2 Ke7 19.f4 Nc6 20.Kf2 f5 21.Rhd1 Rc7 22.Nf3
g4 23.Nfd4 Nd8 24.Nd2 Nf7 25.Rh1 1/2-1/2

[Event "First Lady's Cup"]
[Site "Jakarta INA"]
[Date "1983.11.13"]
[Round "1"]
[White "Andersson, Ulf"]
[Black "Miolo, Ediwan Ermansyah"]
[Result "1-0"]
[WhiteElo "2640"]
[BlackElo "2405"]
[EventDate "1983.11.13"]
[PlyCount "73"]

1.Nf3 Nf6 2.c4 g6 3.Nc3 Bg7 4.e4 d6 5.d4 O-O 6.Be2 Nbd7 7.O-O h6 8.Qc2 c6 
9.e5 dxe5 10.dxe5 Ng4 11.e6 Nde5 12.Nxe5 Nxe5 13.exf7+ Rxf7 14.Be3 Qc7 15.
Rad1 Be6 16.b3 Raf8 17.Qd2 Bg4 18.Ne4 g5 19.Ng3 Bxe2 20.Qxe2 Ng6 21.Qg4 
Nf4 22.Qd7 Qe5 23.Rfe1 e6 24.Qd2 Qf6 25.Bxf4 gxf4 26.Ne4 Qg6 27.f3 h5 28.
Qd3 h4 29.Nc5 Qxd3 30.Rxd3 b6 31.Nxe6 Re8 32.Re4 c5 33.Ng5 Rxe4 34.Rd8+ 
Rf8 35.Rxf8+ Kxf8 36.fxe4 Ke7 37.Kf2 1-0

[Event "First Lady's Cup"]
[Site "Jakarta INA"]
[Date "1983.11.13"]
[Round "1"]
[White "Handoko, Edhi"]
[Black "Hulak, Krunoslav"]
[Result "1/2-1/2"]
[WhiteElo "2420"]
[BlackElo "2530"]
[EventDate "1983.11.13"]
[PlyCount "115"]

1.e4 c5 2.c3 d5 3.exd5 Qxd5 4.d4 Nf6 5.Nf3 e6 6.Be2 Nc6 7.O-O cxd4 8.cxd4 
Be7 9.Nc3 Qd6 10.Nb5 Qd8 11.Ne5 Bd7 12.Bf4 O-O 13.Rc1 Be8 14.Bg3 Ne4 15.
Bf4 Nf6 16.Bg3 Nd5 17.Nc4 Bg5 18.Rb1 Nce7 19.Nbd6 Bc6 20.Bf3 Nc8 21.Nxc8 
Rxc8 22.Nd6 Rc7 23.Nc4 Bf4 24.Ne5 Bxg3 25.hxg3 Ne7 26.Nxc6 bxc6 27.Qa4 Rd7
28.Rfc1 Qb6 29.Bxc6 Rxd4 30.Qb5 Rfd8 31.Qxb6 axb6 32.Bf3 g5 33.Rc7 Kf8 34.
Rb7 g4 35.Be2 Nd5 36.Rc1 h5 37.Bc4 Rc8 38.b3 Rd2 39.a4 Rc6 40.Re1 Nf6 41.
Re5 Rd1+ 42.Kh2 Ra1 43.Rb8+ Kg7 44.Rd8 Rc7 45.f3 Kh6 46.Rh8+ Kg6 47.f4 Kg7
48.Rd8 Rc5 49.Re2 Rb1 50.Rd6 Kf8 51.Rd8+ Ke7 52.Rdd2 Ra1 53.Rd3 Ne8 54.
Red2 Rc7 55.f5 exf5 56.Re2+ Kf8 57.Rd5 f4 58.Rxh5 1/2-1/2

[Event "First Lady's Cup"]
[Site "Jakarta INA"]
[Date "1983.11.13"]
[Round "1"]
[White "Portisch, Lajos"]
[Black "Yusupov, Artur"]
[Result "0-1"]
[WhiteElo "2600"]
[BlackElo "2555"]
[EventDate "1983.11.13"]
[PlyCount "86"]

1.c4 e5 2.Nc3 Nc6 3.g3 g6 4.Bg2 Bg7 5.e3 d6 6.Nge2 h5 7.d4 h4 8.d5 Nce7 9.
e4 h3 10.Bf1 f5 11.Ng1 fxe4 12.Nxe4 Nf6 13.Bd3 c6 14.Bg5 Nxe4 15.Bxe4 Bf5 
16.f3 Bh6 17.Bxh6 Rxh6 18.Qd2 Rh7 19.dxc6 bxc6 20.O-O-O d5 21.Bxf5 gxf5 
22.Ne2 Qb6 23.Nc3 Qc5 24.cxd5 cxd5 25.Kb1 d4 26.Ne2 Rd8 27.Rhe1 Rf7 28.Nc1
Qd5 29.Nd3 e4 30.Nf4 Qe5 31.Qc2 e3 32.Ne2 Qa5 33.Qc4 d3 34.Nc3 f4 35.Rxd3 
Rxd3 36.Qxd3 fxg3 37.Qxe3 gxh2 38.Ne4 Rg7 39.Rh1 Rg2 40.Rd1 Qb6 41.Qc3 Rg1
42.Qh8+ Kf7 43.Qh7+ Kf8 0-1

[Event "First Lady's Cup"]
[Site "Jakarta INA"]
[Date "1983.11.13"]
[Round "1"]
[White "Gunawan, Ronny"]
[Black "Romanishin, Oleg"]
[Result "1-0"]
[WhiteElo "2400"]
[BlackElo "2575"]
[EventDate "1983.11.13"]
[PlyCount "67"]

1.d4 Nf6 2.c4 e6 3.Nf3 c5 4.Nc3 cxd4 5.Nxd4 Bb4 6.Qb3 Na6 7.Bg5 h6 8.Bxf6 
Qxf6 9.e3 Qg6 10.Rc1 O-O 11.a3 Be7 12.g3 Nc5 13.Qc2 Qxc2 14.Rxc2 a5 15.Bg2
a4 16.Ke2 Ra5 17.Rd1 b6 18.Ke1 Ba6 19.Ncb5 Bd8 20.Nd6 Bc7 21.N4b5 Bb8 22.
f4 f5 23.Kd2 g6 24.Kc3 Kg7 25.Kb4 Kf6 26.Rcd2 Ke7 27.e4 Bxb5 28.cxb5 Bxd6 
29.Rxd6 Rb8 30.Rxb6 Rxb6 31.Kxa5 Rb8 32.e5 g5 33.b6 gxf4 34.gxf4 1-0

[Event "First Lady's Cup"]
[Site "Jakarta INA"]
[Date "1983.11.13"]
[Round "1"]
[White "Lobron, Eric"]
[Black "Kurajica, Bojan"]
[Result "0-1"]
[WhiteElo "2480"]
[BlackElo "2525"]
[EventDate "1983.11.13"]
[PlyCount "88"]

1.e4 c5 2.Nf3 Nc6 3.d4 cxd4 4.Nxd4 e6 5.Nb5 d6 6.c4 Nf6 7.N1c3 a6 8.Na3 
Be7 9.Be2 O-O 10.O-O b6 11.Be3 Bb7 12.Qb3 Nd7 13.Rfd1 Nc5 14.Qc2 Bf6 15.f3
Be5 16.Bf1 f5 17.exf5 Rxf5 18.Nd5 Bxh2+ 19.Kxh2 Rh5+ 20.Kg1 exd5 21.Qf2 
Nb4 22.Rd2 Qf6 23.Rad1 Rf5 24.Rd4 Kh8 25.Rg4 Nc6 26.Qh4 Ne5 27.Qxf6 Rxf6 
28.Rf4 Re8 29.Rxf6 gxf6 30.Bxc5 dxc5 31.cxd5 Rd8 32.f4 Ng6 33.Nc4 b5 34.
Na5 Rxd5 35.Re1 Rd7 36.g3 Bd5 37.Re8+ Kg7 38.b3 Rc7 39.Re3 Ne7 40.Bh3 c4 
41.Re1 c3 42.Kf2 c2 43.Rc1 Rc3 44.Bg4 Be4 0-1

[Event "First Lady's Cup"]
[Site "Jakarta INA"]
[Date "1983.11.13"]
[Round "1"]
[White "Torre, Eugenio"]
[Black "Adorjan, Andras"]
[Result "1/2-1/2"]
[WhiteElo "2570"]
[BlackElo "2535"]
[EventDate "1983.11.13"]
[PlyCount "24"]

1.d4 Nf6 2.c4 e6 3.Nf3 b6 4.g3 Ba6 5.b3 b5 6.cxb5 Bxb5 7.Nc3 Bb4 8.Bd2 
Bxc3 9.Bxc3 a5 10.Bg2 Nd5 11.Bd2 a4 12.b4 Nc6 1/2-1/2

[Event "First Lady's Cup"]
[Site "Jakarta INA"]
[Date "1983.11.13"]
[Round "1"]
[White "Ardiansyah"]
[Black "Radulov, Ivan"]
[Result "0-1"]
[WhiteElo "2450"]
[BlackElo "2490"]
[EventDate "1983.11.13"]
[PlyCount "70"]

1.d4 d5 2.c4 dxc4 3.Nf3 Nf6 4.Qa4+ Nbd7 5.g3 e6 6.Bg2 a6 7.Qxc4 c5 8.O-O 
b5 9.Qc2 Bb7 10.Be3 Rc8 11.Qd1 Nd5 12.Bg5 Be7 13.h4 O-O 14.e4 N5b6 15.Nbd2
Bxg5 16.hxg5 cxd4 17.Nxd4 Qxg5 18.b3 Rfd8 19.N4f3 Qf6 20.a4 Ne5 21.Qe2 
bxa4 22.bxa4 Rc2 23.Qe3 Nxf3+ 24.Nxf3 Nc4 25.Qe1 g6 26.Rc1 Rxc1 27.Qxc1 
Bxe4 28.Qxc4 Bxf3 29.Qxa6 h5 30.Qb6 Bxg2 31.Kxg2 h4 32.a5 Rd3 33.Qb8+ Kg7 
34.a6 hxg3 35.a7 Qf3+ 0-1

[Event "First Lady's Cup"]
[Site "Jakarta INA"]
[Date "1983.11.14"]
[Round "2"]
[White "Yusupov, Artur"]
[Black "Kovacevic, Vladimir"]
[Result "1-0"]
[WhiteElo "2555"]
[BlackElo "2540"]
[EventDate "1983.11.13"]
[PlyCount "77"]

1.d4 Nf6 2.c4 d6 3.Nc3 e5 4.Nf3 Nbd7 5.e4 c6 6.Be2 Be7 7.O-O O-O 8.Re1 a6 
9.a4 a5 10.h3 Ne8 11.Qc2 Nc7 12.Be3 Na6 13.Rad1 Qc7 14.Na2 Re8 15.Bf1 h6 
16.g3 Bf6 17.Bg2 exd4 18.Nxd4 Ndc5 19.Kh1 Bd7 20.Re2 Re7 21.Nc3 Rae8 22.
Red2 Qb6 23.Nde2 Be6 24.Rxd6 Be5 25.R6d2 Bxc4 26.Nc1 Nb4 27.Qb1 Qa7 28.f4 
Bc7 29.b3 Be6 30.e5 Bb6 31.Bxc5 Bxc5 32.N1e2 Qb6 33.Nd4 Bxd4 34.Rxd4 Na6 
35.Ne4 Qxb3 36.Qc1 Rf8 37.Nf6+ gxf6 38.exf6 Rd7 39.f5 1-0

[Event "First Lady's Cup"]
[Site "Jakarta INA"]
[Date "1983.11.14"]
[Round "2"]
[White "Adorjan, Andras"]
[Black "Handoko, Edhi"]
[Result "1/2-1/2"]
[WhiteElo "2535"]
[BlackElo "2420"]
[EventDate "1983.11.13"]
[PlyCount "59"]

1.c4 Nf6 2.Nc3 c5 3.Nf3 Nc6 4.d4 cxd4 5.Nxd4 e6 6.g3 Bc5 7.Nb3 Be7 8.Bg2 
d6 9.O-O O-O 10.Bf4 Nh5 11.Be3 Ne5 12.c5 d5 13.Bd4 Nc6 14.e4 Nxd4 15.Qxd4 
dxe4 16.Qxe4 Nf6 17.Qe2 Qc7 18.Nb5 Qb8 19.Rfd1 a5 20.Rac1 Bd7 21.N3d4 Rc8 
22.c6 bxc6 23.Nxc6 Bxc6 24.Bxc6 Ra6 25.Bf3 Rb6 26.a4 h6 27.Qe3 Rxc1 28.
Rxc1 Nd7 29.Rc2 Bb4 30.Qc1 1/2-1/2

[Event "First Lady's Cup"]
[Site "Jakarta INA"]
[Date "1983.11.14"]
[Round "2"]
[White "Schmidt, Wlodzimierz"]
[Black "Utut Adianto"]
[Result "1-0"]
[WhiteElo "2450"]
[BlackElo "2385"]
[EventDate "1983.11.13"]
[PlyCount "89"]

1.d4 Nf6 2.c4 e6 3.Nf3 d5 4.Nc3 c6 5.Bg5 Be7 6.e3 Nbd7 7.Rc1 O-O 8.Bd3 
dxc4 9.Bxc4 b5 10.Bd3 Bb7 11.O-O a6 12.Qe2 c5 13.Bb1 Rc8 14.Rfd1 b4 15.Na4
Qa5 16.Nxc5 Nxc5 17.dxc5 Rxc5 18.Rxc5 Qxc5 19.e4 h6 20.Rc1 Qa5 21.Bf4 Re8 
22.Ne5 Bf8 23.h3 Rc8 24.Rxc8 Bxc8 25.Nc4 Qb5 26.e5 Nd5 27.Qc2 g6 28.Nd6 
Qd7 29.Bd2 Bxd6 30.exd6 Bb7 31.Qc5 h5 32.Bd3 Qc6 33.Qxc6 Bxc6 34.Bxa6 Kf8 
35.b3 Ke8 36.Bc4 Kd7 37.Bxd5 Bxd5 38.Bxb4 e5 39.h4 Be4 40.Bc5 Bd5 41.g3 
Kc6 42.Kf1 Be6 43.Bb4 Bf5 44.Ke2 Bb1 45.Kd2 1-0

[Event "First Lady's Cup"]
[Site "Jakarta INA"]
[Date "1983.11.14"]
[Round "2"]
[White "Radulov, Ivan"]
[Black "Lobron, Eric"]
[Result "1-0"]
[WhiteElo "2490"]
[BlackElo "2480"]
[EventDate "1983.11.13"]
[PlyCount "47"]

1.e4 c5 2.Nf3 e6 3.d4 cxd4 4.Nxd4 a6 5.Bd3 g6 6.O-O Bg7 7.Nb3 d6 8.c4 Nf6 
9.Nc3 Nbd7 10.Bf4 Ne5 11.Be2 Qc7 12.Rc1 O-O 13.Qd2 b6 14.Rfd1 Nxc4 15.Bxc4
Qxc4 16.f3 Bb7 17.Qxd6 Qc6 18.Qd2 Rfe8 19.Be5 Re7 20.Qd4 Rd7 21.Nd5 exd5 
22.Rxc6 Bxc6 23.Bxf6 dxe4 24.Qxd7 1-0

[Event "First Lady's Cup"]
[Site "Jakarta INA"]
[Date "1983.11.14"]
[Round "2"]
[White "Timman, Jan"]
[Black "Andersson, Ulf"]
[Result "1/2-1/2"]
[WhiteElo "2605"]
[BlackElo "2640"]
[EventDate "1983.11.13"]
[PlyCount "169"]

1.d4 Nf6 2.Nf3 e6 3.Bg5 Be7 4.e3 c5 5.Nbd2 b6 6.Bd3 Bb7 7.c3 cxd4 8.cxd4 
Nd5 9.Bxe7 Qxe7 10.O-O f5 11.Re1 O-O 12.e4 Nf4 13.Bf1 fxe4 14.Nxe4 Nc6 15.
g3 Nd5 16.Bg2 Rad8 17.a3 Nf6 18.Nc3 Qd6 19.Nh4 Na5 20.Bxb7 Nxb7 21.d5 Nc5 
22.b4 Nb7 23.dxe6 dxe6 24.Qe2 a5 25.Qxe6+ Qxe6 26.Rxe6 Nd6 27.bxa5 bxa5 
28.a4 Rfe8 29.Rxe8+ Nfxe8 30.Nf3 Nc4 31.Nb5 Nb6 32.Ne5 Kf8 33.Nc6 Rd5 34.
Nbd4 Nf6 35.Nb3 Ne4 36.Ncxa5 Nc3 37.Nc6 Ncxa4 38.Nbd4 Nc5 39.f4 Rd6 40.Ra7
Ne6 41.Nxe6+ Rxe6 42.Ne5 Re7 43.Ra6 Nd5 44.Kg2 Rc7 45.Kf3 Nf6 46.Ra8+ Ke7 
47.Ra3 Nd5 48.Kg4 Nf6+ 49.Kh4 Nd7 50.Nf3 Nf6 51.Ng5 Rd7 52.Re3+ Kf8 53.g4 
Rd2 54.h3 Rd7 55.Ra3 Ke7 56.f5 h6 57.Re3+ Kf8 58.Ne6+ Kf7 59.Nf4 Re7 60.
Ra3 Rc7 61.Ng6 Ke8 62.Ra8+ Kd7 63.Rf8 Ne8 64.Nf4 Ke7 65.Rg8 Kf7 66.Rh8 Rc8
67.Ng6 Nd6 68.Rxc8 Nxc8 69.Kg3 Kf6 70.Kf4 Nb6 71.Ke4 h5 72.gxh5 Kg5 73.Nf4
Nd7 74.Ne6+ Kh6 75.Nf4 Nf6+ 76.Ke5 Nxh5 77.h4 Nf6 78.Ke6 Ng4 79.Kd5 Nf6+ 
80.Ke5 Ng4+ 81.Ke4 Nf6+ 82.Kf3 Nd7 83.Ng6 Kh5 84.Kg3 Kh6 85.Nf4 1/2-1/2

[Event "First Lady's Cup"]
[Site "Jakarta INA"]
[Date "1983.11.14"]
[Round "2"]
[White "Romanishin, Oleg"]
[Black "Torre, Eugenio"]
[Result "1-0"]
[WhiteElo "2575"]
[BlackElo "2570"]
[EventDate "1983.11.13"]
[PlyCount "89"]

1.e4 c5 2.Nc3 Nc6 3.g3 g6 4.Bg2 Bg7 5.d3 d6 6.Be3 b5 7.e5 Qd7 8.exd6 exd6 
9.Nge2 Nge7 10.d4 b4 11.Ne4 O-O 12.Bh6 c4 13.Bxg7 Kxg7 14.d5 Ne5 15.f4 Ng4
16.h3 Nh6 17.g4 f5 18.Qd4+ Kg8 19.Nf6+ Rxf6 20.Qxf6 fxg4 21.Qe6+ Qxe6 22.
dxe6 d5 23.Nd4 Rb8 24.O-O-O Rb6 25.Rhe1 Kg7 26.Re5 Bb7 27.Rde1 Rd6 28.Rg5 
gxh3 29.Bxh3 Rd8 30.Rg3 Kf6 31.Kd2 Rd6 32.a3 c3+ 33.bxc3 bxa3 34.Ra1 Ra6 
35.Bf1 Ra4 36.Bb5 Ra5 37.Bd3 a2 38.Rh3 Kg7 39.Nb3 Ra3 40.Rah1 Neg8 41.Ra1 
Ng4 42.f5 g5 43.Nd4 N4f6 44.e7 Kf7 45.Nb5 1-0

[Event "First Lady's Cup"]
[Site "Jakarta INA"]
[Date "1983.11.14"]
[Round "2"]
[White "Tarjan, James Edward"]
[Black "Ljubojevic, Ljubomir"]
[Result "0-1"]
[WhiteElo "2535"]
[BlackElo "2645"]
[EventDate "1983.11.13"]
[PlyCount "66"]

1.d4 Nf6 2.c4 e6 3.Nf3 b6 4.g3 Ba6 5.b3 Bb4+ 6.Bd2 Be7 7.Nc3 d5 8.cxd5 
Nxd5 9.e4 Nxc3 10.Bxc3 Bb7 11.Bb5+ c6 12.Bd3 O-O 13.O-O Nd7 14.Qe2 c5 15.
Rfd1 Qc7 16.Rac1 Rad8 17.dxc5 Nxc5 18.Bxg7 Kxg7 19.b4 Rd7 20.bxc5 Bxc5 21.
Qb2+ f6 22.Ng5 Re8 23.Bc4 Rxd1+ 24.Rxd1 Bxf2+ 25.Kxf2 Qxc4 26.Rc1 Qd3 27.
Rc7+ Kg6 28.Nf3 Bxe4 29.Nh4+ Kh5 30.Qxf6 Qd2+ 31.Kf1 Kg4 32.Nf3 Bd3+ 33.
Kg1 Qe3+ 0-1

[Event "First Lady's Cup"]
[Site "Jakarta INA"]
[Date "1983.11.14"]
[Round "2"]
[White "Kurajica, Bojan"]
[Black "Portisch, Lajos"]
[Result "1/2-1/2"]
[WhiteElo "2525"]
[BlackElo "2600"]
[EventDate "1983.11.13"]
[PlyCount "32"]

1.d4 Nf6 2.Nf3 e6 3.g3 b5 4.Bg2 Bb7 5.O-O c5 6.Bg5 cxd4 7.Nxd4 Bxg2 8.Kxg2
a6 9.Bxf6 Qxf6 10.Qd3 Be7 11.Nd2 O-O 12.f4 Rc8 13.Ne4 Qh6 14.f5 d5 15.fxe6
fxe6 16.Nf2 Nc6 1/2-1/2

[Event "First Lady's Cup"]
[Site "Jakarta INA"]
[Date "1983.11.14"]
[Round "2"]
[White "Miolo, Ediwan Ermansyah"]
[Black "Gunawan, Ronny"]
[Result "0-1"]
[WhiteElo "2405"]
[BlackElo "2400"]
[EventDate "1983.11.13"]
[PlyCount "92"]

1.c4 Nf6 2.Nf3 g6 3.Nc3 Bg7 4.e4 d6 5.d4 O-O 6.Be2 Nc6 7.O-O e5 8.dxe5 
dxe5 9.Bg5 Qxd1 10.Raxd1 Bg4 11.h3 Bxf3 12.Bxf3 Nd4 13.Rd3 c6 14.Rfd1 Nd7 
15.Be7 Rfe8 16.Bd6 Bf8 17.Bxf8 Kxf8 18.R3d2 Nc5 19.Bg4 h5 20.Be2 a5 21.Bf1
Kg7 22.h4 f6 23.f3 g5 24.hxg5 fxg5 25.Ne2 Nce6 26.Nxd4 Nxd4 27.Kf2 c5 28.
Be2 Rf8 29.Rh1 Kg6 30.Bd1 Ra6 31.Ke3 Raf6 32.a3 b6 33.b3 Rb8 34.Kd3 b5 35.
cxb5 Nxb5 36.Ke3 Nd4 37.Rd3 Rfb6 38.Rc3 Nxb3 39.g3 a4 40.f4 g4 41.fxe5 Re8
42.Rh2 Rxe5 43.Bxb3 axb3 44.Rb2 Rbe6 45.Rc4 Rf6 46.Rd2 Rf3+ 0-1

[Event "First Lady's Cup"]
[Site "Jakarta INA"]
[Date "1983.11.15"]
[Round "3"]
[White "Portisch, Lajos"]
[Black "Radulov, Ivan"]
[Result "1-0"]
[WhiteElo "2600"]
[BlackElo "2490"]
[EventDate "1983.11.13"]
[PlyCount "83"]

1.c4 c5 2.Nf3 Nc6 3.Nc3 e5 4.e3 Nf6 5.d4 exd4 6.exd4 d5 7.Bg5 Be7 8.dxc5 
d4 9.Bxf6 Bxf6 10.Nd5 O-O 11.Bd3 Re8+ 12.Kf1 Be6 13.Qb3 Be7 14.Qxb7 Bxd5 
15.cxd5 Qxd5 16.Bb5 Rac8 17.Re1 Qxc5 18.a4 Kf8 19.g3 Qb6 20.Qxb6 axb6 21.
Kg2 Red8 22.Rc1 Na5 23.Ne5 Bc5 24.Rb1 Nb3 25.Rhd1 Bb4 26.Nd7+ Ke7 27.Rd3 
Nc5 28.Rxd4 Nxd7 29.Rxb4 Nc5 30.Re1+ Kf8 31.Re3 Rd2 32.Re2 Rd6 33.Rc4 Rcd8
34.Re3 Ne6 35.Rce4 Rd2 36.b3 Rb2 37.Bc4 Rdd2 38.Re2 Ke7 39.Kf3 Kd6 40.Bxe6
fxe6 41.Rxe6+ Kc5 42.b4+ 1-0

[Event "First Lady's Cup"]
[Site "Jakarta INA"]
[Date "1983.11.15"]
[Round "3"]
[White "Lobron, Eric"]
[Black "Hulak, Krunoslav"]
[Result "1-0"]
[WhiteElo "2480"]
[BlackElo "2530"]
[EventDate "1983.11.13"]
[PlyCount "51"]

1.e4 c5 2.Nf3 d6 3.d4 cxd4 4.Nxd4 Nf6 5.Nc3 a6 6.Bg5 e6 7.f4 Qb6 8.Qd2 
Qxb2 9.Rb1 Qa3 10.Be2 Nc6 11.Nxc6 bxc6 12.O-O d5 13.Kh1 Bc5 14.Bxf6 gxf6 
15.exd5 f5 16.Bh5 cxd5 17.Nxd5 Ra7 18.Rb8 O-O 19.Rb3 Qa4 20.Nf6+ Kg7 21.
Qe1 Rh8 22.Qh4 h6 23.Rd1 Qa5 24.Rg3+ Kf8 25.Nh7+ Ke8 26.Qf6 1-0

[Event "First Lady's Cup"]
[Site "Jakarta INA"]
[Date "1983.11.15"]
[Round "3"]
[White "Torre, Eugenio"]
[Black "Miolo, Ediwan Ermansyah"]
[Result "1-0"]
[WhiteElo "2570"]
[BlackElo "2405"]
[EventDate "1983.11.13"]
[PlyCount "83"]

1.d4 e6 2.c4 b6 3.a3 Nf6 4.Nc3 d5 5.Bg5 Be7 6.e3 O-O 7.Bxf6 Bxf6 8.cxd5 
exd5 9.g3 Bb7 10.Bg2 Na6 11.Nge2 c6 12.O-O Nc7 13.b4 Qd7 14.Qc2 Rfd8 15.
Rfd1 g6 16.Rab1 Ba6 17.Nf4 Ne6 18.Bh3 Qe8 19.Nxe6 fxe6 20.e4 Bc8 21.Bg2 b5
22.a4 a6 23.e5 Bg7 24.a5 Ra7 25.Ne2 Bh6 26.f4 g5 27.fxg5 Bxg5 28.Rf1 Rg7 
29.Rb3 Bd7 30.h4 Be7 31.Nf4 Kh8 32.Kh2 Qg8 33.Bh3 Rf8 34.Qd2 Rff7 35.Rbf3 
Rf8 36.Qe1 Rgf7 37.g4 Qg7 38.g5 h6 39.g6 Rxf4 40.Rxf4 Rxf4 41.Rxf4 Qxg6 
42.Qf2 1-0

[Event "First Lady's Cup"]
[Site "Jakarta INA"]
[Date "1983.11.15"]
[Round "3"]
[White "Seirawan, Yasser"]
[Black "Yusupov, Artur"]
[Result "1/2-1/2"]
[WhiteElo "2605"]
[BlackElo "2555"]
[EventDate "1983.11.13"]
[PlyCount "78"]

1.d4 d5 2.Nf3 c6 3.c4 Nf6 4.cxd5 cxd5 5.Nc3 Nc6 6.Bf4 Bf5 7.e3 e6 8.Qb3 
Bb4 9.Bb5 O-O 10.O-O Bxc3 11.Qxc3 Rc8 12.Rfc1 Qb6 13.Qc5 Nxd4 14.Qxb6 
Nxf3+ 15.gxf3 axb6 16.Bd6 Rxc1+ 17.Rxc1 Ra8 18.a3 h5 19.Rc7 Ne8 20.Bxe8 
Rxe8 21.Rxb7 Rc8 22.Rxb6 Rc1+ 23.Kg2 h4 24.h3 Bd3 25.Rb8+ Kh7 26.Be7 f6 
27.Rb4 Bf1+ 28.Kh2 g5 29.Bxf6 Kg6 30.Bd8 Rc8 31.Bb6 e5 32.Ba5 Be2 33.Rb6+ 
Kf5 34.Kg2 Rc1 35.Bd2 Rd1 36.Bc3 Bf1+ 37.Kh2 Be2 38.Kg2 Bf1+ 39.Kh2 Be2 
1/2-1/2

[Event "First Lady's Cup"]
[Site "Jakarta INA"]
[Date "1983.11.15"]
[Round "3"]
[White "Gunawan, Ronny"]
[Black "Timman, Jan"]
[Result "1/2-1/2"]
[WhiteElo "2400"]
[BlackElo "2605"]
[EventDate "1983.11.13"]
[PlyCount "91"]

1.d4 Nf6 2.c4 e6 3.Nf3 b6 4.g3 Ba6 5.Nbd2 Bb4 6.Qc2 Bb7 7.Bg2 Be4 8.Qb3 
Bxd2+ 9.Bxd2 O-O 10.O-O d6 11.Rfd1 Nbd7 12.Bg5 Qc8 13.Bxf6 Nxf6 14.Nd2 
Bxg2 15.Kxg2 c5 16.Qd3 cxd4 17.Qxd4 Rd8 18.e4 Qc6 19.Re1 b5 20.Rac1 bxc4 
21.Rxc4 Qa6 22.Ra4 Qb7 23.Rc1 e5 24.Rb4 Qe7 25.Qc3 d5 26.Rb5 dxe4 27.Rxe5 
Qb7 28.Qb3 Qd7 29.Nxe4 Rab8 30.Qf3 Nd5 31.Re1 f6 32.Rxd5 Qxd5 33.Nxf6+ 
gxf6 34.Re8+ Rxe8 35.Qxd5+ Kg7 36.Qd7+ Kg6 37.b4 Re5 38.Qg4+ Kf7 39.a4 Rb7
40.Qc4+ Kg7 41.f4 Ree7 42.g4 Rbc7 43.Qd4 Rcd7 44.Qc3 Re2+ 45.Kf3 Rxh2 46.
Qc6 1/2-1/2

[Event "First Lady's Cup"]
[Site "Jakarta INA"]
[Date "1983.11.15"]
[Round "3"]
[White "Ardiansyah"]
[Black "Adorjan, Andras"]
[Result "1-0"]
[WhiteElo "2450"]
[BlackElo "2535"]
[EventDate "1983.11.13"]
[PlyCount "113"]

1.d4 Nf6 2.c4 e6 3.Nf3 b6 4.g3 Ba6 5.Qc2 c5 6.Bg2 Nc6 7.dxc5 Bxc5 8.a3 Rc8
9.Qa4 Bb7 10.O-O O-O 11.Nc3 Be7 12.b4 a5 13.b5 Nb8 14.Bb2 Bxf3 15.Bxf3 Qc7
16.Rac1 d6 17.Qd1 Nbd7 18.Na4 Ne5 19.Qb3 Nfd7 20.Bd4 Bg5 21.Rc3 Bf6 22.Rd1
Rfd8 23.Bg2 h6 24.h3 Qb8 25.f4 Ng6 26.Rcd3 Qc7 27.Bf2 Nc5 28.Nxc5 dxc5 29.
e4 Bd4 30.e5 Ne7 31.Be4 Rd7 32.Kg2 Rcd8 33.Be1 Kh8 34.R3d2 Rf8 35.Qf3 Rfd8
36.g4 Ng6 37.Bc6 Re7 38.h4 Rg8 39.Bg3 Nf8 40.g5 Nh7 41.Bf2 f6 42.Bxd4 cxd4
43.Qe4 fxe5 44.fxe5 hxg5 45.hxg5 g6 46.Rxd4 Qb8 47.Rf1 Rf8 48.Rxf8+ Qxf8 
49.Qd3 Kg7 50.c5 bxc5 51.Rd7 c4 52.Qd6 Rf7 53.Qxf8+ Nxf8 54.Rxf7+ Kxf7 55.
b6 c3 56.Be4 Ke7 57.b7 1-0

[Event "First Lady's Cup"]
[Site "Jakarta INA"]
[Date "1983.11.15"]
[Round "3"]
[White "Utut Adianto"]
[Black "Tarjan, James Edward"]
[Result "0-1"]
[WhiteElo "2385"]
[BlackElo "2535"]
[EventDate "1983.11.13"]
[PlyCount "58"]

1.e4 c5 2.Nf3 e6 3.d4 cxd4 4.Nxd4 Nf6 5.Nc3 d6 6.Be2 Be7 7.O-O O-O 8.f4 a6
9.a4 Qc7 10.Kh1 b6 11.Bf3 Bb7 12.Qe1 Nc6 13.Be3 Nxd4 14.Bxd4 e5 15.Be3 Bc6
16.g4 Qb7 17.Bd2 d5 18.exd5 Nxd5 19.Qxe5 Rad8 20.Nxd5 Rxd5 21.Bxd5 Bxd5+ 
22.Kg1 Qd7 23.Qf5 Bc5+ 24.Rf2 Qd6 25.Re1 Bb7 26.Be3 Re8 27.Qd3 Qxd3 28.
cxd3 Rxe3 29.Rd1 Bf3 0-1

[Event "First Lady's Cup"]
[Site "Jakarta INA"]
[Date "1983.11.15"]
[Round "3"]
[White "Kovacevic, Vladimir"]
[Black "Kurajica, Bojan"]
[Result "1/2-1/2"]
[WhiteElo "2540"]
[BlackElo "2525"]
[EventDate "1983.11.13"]
[PlyCount "42"]

1.d4 d5 2.Nf3 c5 3.c3 e6 4.Bf4 Bd6 5.Bxd6 Qxd6 6.dxc5 Qxc5 7.Qd4 Qxd4 8.
cxd4 Nc6 9.Nc3 Bd7 10.e3 Nf6 11.Rc1 Ke7 12.Bd3 Rac8 13.Ke2 Nb4 14.Bb1 Rhd8
15.Nd2 Ne8 16.f4 Nd6 17.a3 Nc6 18.Bd3 h6 19.Rc2 f6 20.Rhc1 Be8 21.Kf2 Bf7 
1/2-1/2

[Event "First Lady's Cup"]
[Site "Jakarta INA"]
[Date "1983.11.15"]
[Round "3"]
[White "Andersson, Ulf"]
[Black "Schmidt, Wlodzimierz"]
[Result "1/2-1/2"]
[WhiteElo "2640"]
[BlackElo "2450"]
[EventDate "1983.11.13"]
[PlyCount "57"]

1.Nf3 Nf6 2.c4 g6 3.Nc3 Bg7 4.e4 d6 5.d4 O-O 6.Be2 e5 7.dxe5 dxe5 8.Qxd8 
Rxd8 9.Bg5 Re8 10.Nd5 Nxd5 11.cxd5 c6 12.Bc4 cxd5 13.Bxd5 Nc6 14.Ke2 Bg4 
15.Bxc6 bxc6 16.h3 Be6 17.Rhc1 h6 18.Be3 Reb8 19.Rc2 a5 20.Bc5 a4 21.Nd2 
Bf8 22.Bxf8 Kxf8 23.Ke3 Ra5 24.Nf3 Kg7 25.Nd2 Rab5 26.b3 axb3 27.axb3 R8b6
28.Rac1 Bxb3 29.Rxc6 1/2-1/2

[Event "First Lady's Cup"]
[Site "Jakarta INA"]
[Date "1983.11.??"]
[Round "4"]
[White "Miolo, Ediwan Ermansyah"]
[Black "Handoko, Edhi"]
[Result "1/2-1/2"]
[WhiteElo "2405"]
[BlackElo "2420"]
[EventDate "1983.11.13"]
[PlyCount "35"]

1.c4 Nf6 2.Nc3 e6 3.Nf3 b6 4.g3 c5 5.Bg2 Bb7 6.O-O Be7 7.d4 cxd4 8.Qxd4 
O-O 9.b3 d6 10.Bb2 Nbd7 11.Ng5 Bxg2 12.Kxg2 Qc7 13.Nge4 Nc5 14.f3 Rfd8 15.
Rad1 a6 16.Nxf6+ Bxf6 17.Qd2 Rac8 18.e4 1/2-1/2

[Event "First Lady's Cup"]
[Site "Jakarta INA"]
[Date "1983.11.??"]
[Round "4"]
[White "Radulov, Ivan"]
[Black "Kovacevic, Vladimir"]
[Result "1/2-1/2"]
[WhiteElo "2490"]
[BlackElo "2540"]
[EventDate "1983.11.13"]
[PlyCount "38"]

1.e4 e5 2.Nf3 Nc6 3.Nc3 Nf6 4.Bb5 Bb4 5.O-O O-O 6.d3 Bxc3 7.bxc3 d6 8.Bg5 
Qe7 9.Bxc6 bxc6 10.Nd2 h6 11.Bxf6 Qxf6 12.Rb1 c5 13.Qe2 Be6 14.Rb7 Rfb8 
15.Rfb1 Qd8 16.Qd1 Rxb7 17.Rxb7 Qc8 18.Rb2 Rb8 19.Qb1 Rb6 1/2-1/2

[Event "First Lady's Cup"]
[Site "Jakarta INA"]
[Date "1983.11.??"]
[Round "4"]
[White "Yusupov, Artur"]
[Black "Ljubojevic, Ljubomir"]
[Result "1/2-1/2"]
[WhiteElo "2555"]
[BlackElo "2645"]
[EventDate "1983.11.13"]
[PlyCount "32"]

1.d4 Nf6 2.Nf3 e6 3.e3 b6 4.Bd3 Bb7 5.O-O c5 6.b3 Nc6 7.a3 Be7 8.Bb2 O-O 
9.Nbd2 Qc7 10.Qe2 a5 11.c4 a4 12.bxa4 Rxa4 13.Bc2 Raa8 14.d5 exd5 15.cxd5 
Nxd5 16.Qd3 g6 1/2-1/2

[Event "First Lady's Cup"]
[Site "Jakarta INA"]
[Date "1983.11.??"]
[Round "4"]
[White "Timman, Jan"]
[Black "Torre, Eugenio"]
[Result "1-0"]
[WhiteElo "2605"]
[BlackElo "2570"]
[EventDate "1983.11.13"]
[PlyCount "99"]

1.e4 e5 2.Nf3 Nc6 3.Bb5 a6 4.Ba4 Nf6 5.O-O Be7 6.Re1 b5 7.Bb3 d6 8.c3 O-O 
9.h3 Na5 10.Bc2 c5 11.d4 Qc7 12.Nbd2 cxd4 13.cxd4 Nc6 14.Nb3 a5 15.Be3 a4 
16.Nbd2 Bd7 17.Rc1 Qb8 18.Qe2 Re8 19.Bd3 Nb4 20.Bb1 h6 21.Nf1 Bd8 22.Ng3 
Nc6 23.Red1 Qb7 24.dxe5 dxe5 25.Nh4 g6 26.Nf3 Kh7 27.Rc5 Rb8 28.Bd3 b4 29.
Ba6 Qa8 30.Bb5 Re6 31.Bxc6 Bxc6 32.Nxe5 Be8 33.Nc4 Nxe4 34.Nxe4 Qxe4 35.
Nd6 Rxd6 36.Rxd6 Be7 37.Rd4 Qe6 38.Rc1 Bf6 39.Rd2 Bb5 40.Qg4 Qxg4 41.hxg4 
Rb7 42.Rc5 Bd7 43.Bd4 Bg5 44.Re2 Bd8 45.Rd5 g5 46.Rd6 Rc7 47.Re1 Rb7 48.f3
b3 49.axb3 axb3 50.Kh1 1-0